The transformation of Ireland, 1900-2000 / (Record no. 188465)

MARC details
000 -LEADER
campo de control de longitud fija 00899nam a2200265 i 4500
001 - NÚMERO DE CONTROL
campo de control 188465
003 - IDENTIFICADOR DE NÚMERO DE CONTROL
campo de control ES-MaACL
005 - FECHA Y HORA DE LA ÚLTIMA TRANSACCIÓN
campo de control 20231221113919.0
008 - DATOS DE LONGITUD FIJA--INFORMACIÓN GENERAL
campo de control de longitud fija 181120s2005 xxk |||| | eng d
020 ## - NÚMERO INTERNACIONAL ESTÁNDAR DEL LIBRO
Número Internacional Estándar del Libro 978-1-861974-43-3
080 ## - NÚMERO DE LA CLASIFICACIÓN DECIMAL UNIVERSAL
Número de la Clasificación Decimal Universal 008(415)"19"
100 1# - ENTRADA PRINCIPAL--NOMBRE DE PERSONA
Nombre de persona Ferriter, Diarmaid (
Fechas asociadas al nombre 1972-)
9 (RLIN) 165539
245 14 - MENCIÓN DEL TÍTULO
Título The transformation of Ireland, 1900-2000 /
Mención de responsabilidad, etc. Diarmaid Ferriter.
260 ## - PUBLICACIÓN, DISTRIBUCIÓN, ETC.
Lugar de publicación, distribución, etc. London :
Nombre del editor, distribuidor, etc. Profile Books,
Fecha de publicación, distribución, etc. 2005.
300 ## - DESCRIPCIÓN FÍSICA
Extensión XI, 884 p. ;
Dimensiones 20 cm.
500 ## - NOTA GENERAL
Nota general Índice.
504 ## - NOTA DE BIBLIOGRAFÍA, ETC.
Nota de bibliografía, etc. Bibliografía: p. [818]-851.
651 #4 - PUNTO DE ACCESO ADICIONAL DE MATERIA--NOMBRE GEOGRÁFICO
Nombre geográfico Irlanda-
Subdivisión general Civilización.
9 (RLIN) 165606
651 #4 - PUNTO DE ACCESO ADICIONAL DE MATERIA--NOMBRE GEOGRÁFICO
Nombre geográfico Irlanda-
Subdivisión geográfica Historia-
Subdivisión cronológica S.XX.
9 (RLIN) 8855
852 ## - LOCALIZACIÓN
Ubicación ES-MaACL
Número de control de estantería A-14270
itemnumber 195595
Sublocalización o colección R.151792
Ubicación en estantería Depósito 1
Signatura antigua Olim: N-7270
Donativo/Legado Donacion: Embajada de Irlanda
914 ## - NOMBRE ENTIDAD DE DONANTE
RLIN 234032
Nombre de congreso/reunión o jurisdicción como elemento de entrada Embajada de Irlanda en España
Unidad subordinada Donante
942 ## - ELEMENTOS DE ENTRADA SECUNDARIOS (KOHA)
Fuente del sistema de clasificación o colocación Clasificación decimal universal
Tipo de ítem Koha Libro impreso
Holdings
Estatus retirado Estado de pérdida Fuente del sistema de clasificación o colocación Estado de daño No para préstamo Biblioteca de origen Biblioteca actual Ubicación en estantería Fecha de adquisición Fuente de adquisición Total de préstamos Signatura topográfica completa Código de barras Visto por última vez Precio de reemplazo Tipo de ítem Koha
    Clasificación decimal universal     Biblioteca del Ateneo de Madrid Biblioteca del Ateneo de Madrid Depósito 1 20/11/2018 Donación   A-14270 1199370 23/02/2023 23/02/2023 Libro impreso